Southville International School and Colleges
Your cart is empty.
  • Cart
  • Lists
    Public lists Eva Luna New books Lux_list list_1
    Your lists Log in to create your own lists
  • Log in to your account
  • Your cookies
  • Search history
Southville International School and Colleges
  • Advanced search
  • Recent comments
  • Most popular
  • Libraries

Log in to your account

Log in with GOOGLE


If you do not have an external account, but do have a local account, you can still log in:

  1. Home
  2. MARC view: Little monster /
Normal view MARC view ISBD view

Little monster / (Record no. 111587)

[ view plain ]
MARC details
000 -LEADER
fixed length control field 00639nam a2200193 a 4500
001 - CONTROL NUMBER
control field 1054
005 - DATE AND TIME OF LATEST TRANSACTION
control field 20140414131918.0
008 - FIXED-LENGTH DATA ELEMENTS--GENERAL INFORMATION
fixed length control field 041014s19uu xx 00 eng d
020 ## - INTERNATIONAL STANDARD BOOK NUMBER
International Standard Book Number 0-688-09596-8
050 ## - LIBRARY OF CONGRESS CALL NUMBER
Classification number ER
Item number L72 1990
100 ## - MAIN ENTRY--PERSONAL NAME
Personal name Wade, Barrie
245 ## - TITLE STATEMENT
Title Little monster /
Statement of responsibility, etc Story by Barrie Wade ; pictures by Katinka Kew.
260 ## - PUBLICATION, DISTRIBUTION, ETC. (IMPRINT)
Place of publication, distribution, etc New York :
Name of publisher, distributor, etc Lothrop Lee & Shepard Books,
Date of publication, distribution, etc 1990.
300 ## - PHYSICAL DESCRIPTION
Extent 1 v. p. : ill. ; cm.
520 ## - SUMMARY, ETC.
Summary, etc Mandy, who is usually perfectly behaved, tries acting naughty and finds that her mother still loves her.
650 ## - SUBJECT ADDED ENTRY--TOPICAL TERM
Topical term or geographic name as entry element Behavior
General subdivision Fiction.
650 ## - SUBJECT ADDED ENTRY--TOPICAL TERM
Topical term or geographic name as entry element Children stories.
Holdings
Withdrawn status Lost status Damaged status Use restrictions Home library Current library Shelving location Date acquired Source of acquisition Total Checkouts Full call number Barcode Date last seen Price effective from Koha item type
        Munich Library Munich Library Easy Reading Section 10/14/2004     ER L72 1990 M2387 04/14/2014 04/14/2014 Books

Little monster /

APA

Wade B., . (1990). Little monster. New York: Lothrop Lee & Shepard Books.

Chicago

Wade Barrie, . 1990. Little monster. New York: Lothrop Lee & Shepard Books.

Harvard

Wade B., . (1990). Little monster. New York: Lothrop Lee & Shepard Books.

MLA

Wade Barrie, . Little monster. New York: Lothrop Lee & Shepard Books. 1990.

  • Place hold
  • Print
  • Cite
  • Add to your cart (remove)
  • Save record
    BIBTEX Dublin Core MARCXML MARC (non-Unicode/MARC-8) MARC (Unicode/UTF-8) MARC (Unicode/UTF-8, Standard) MODS (XML) RIS
  • More searches
    Search for this title in:
    Other Libraries (WorldCat) Other Databases (Google Scholar) Online Stores (Bookfinder.com) Open Library (openlibrary.org)

Exporting to Dublin Core...

SOUTHVILLE LIBRARY

Southville International School and Colleges Library

1281 Tropical Ave. Cor. Luxembourg St., BF Homes International, Las Pinas City

Tel. No. 8256374 / 252358 Loc. 117/146

Powered by Koha